• 首页
  • 本馆介绍
  • 公告通知
  • 最新文献
  • 馆藏检索
  • 电子资源
  • 读者导购
  • 参考咨询
  • 我的图书馆
  • 登录
  • 详细信息显示
  • 放入我的书架
  • 预约/预借图书
  • 作者相关作品
  • 分类相关作品
  • 丛书相关作品
  • 出版社相关作品

书目信息

  • 表格格式
  • 工作单格式
  • 卡片格式
题名:
中国南方河口过程与演变规律
    
 
作者: 李春初 著
分册:  
出版信息: 北京   科学出版社  2004
页数: 10,248页
开本: 26cm
丛书名:
单 册:
中图分类: P343.5
科图分类:
主题词: 河口--演变--中国 , 河口
电子资源:
ISBN: 7-03-014035-4
000 00854nam0 2200241 450
001 002745348
005 20070805105815.39
010    @a7-03-014035-4@b精装@dCNY45.00
100    @a20041022d2004 emky0chiy0110 ea
101 0  @achi
102    @aCN@b110000
105    @ay z 000yy
106    @ar
200 1  @a中国南方河口过程与演变规律@Azhong guo nan fang he kou guo cheng yu yan bian gui lv@f李春初等著@Fli chun chu deng zhu
210    @a北京@c科学出版社@d2004
215    @a10,248页@d26cm
330    @a本书汇集了作者对我国南方最大河口--珠江河口及其他一些独流入海的中、小型河口的研究成果。内容涉及河口、三角洲问题的诸多方面,包括河口性质、范围、分段、类型及功能行为。
606 0  @a河口@x演变@y中国
606 0  @a河口
690    @aP343.5@v4
701  0 @a李春初@Ali chun chu@f(1939.3~)@4著
801  0 @aCN@bNLC@c20070805
905    @dP343.5@e100@f4
    
    中国南方河口过程与演变规律/李春初等著.-北京:科学出版社,2004
    10,248页;26cm
    
    
    ISBN 7-03-014035-4(精装):CNY45.00
    本书汇集了作者对我国南方最大河口--珠江河口及其他一些独流入海的中、小型河口的研究成果。内容涉及河口、三角洲问题的诸多方面,包括河口性质、范围、分段、类型及功能行为。
●
相关链接 在E读中查询图书 在五车中查询图书 在当当中查询图书 在豆瓣中查询图书


正题名:中国南方河口过程与演变规律     索取号:P343.5/100         预约/预借

序号 登录号 条形码 馆藏地/架位号 状态 备注
1 0852040   208520402   第二样本阅览室/ [索取号:P343.5/100] 在馆    
2 0852041   208520411   第三借阅区/ [索取号:P343.5/100] 在馆    
3 0852042   208520420   第三借阅区/ [索取号:P343.5/100] 在馆    
4 0852043   208520439   第三借阅区/ [索取号:P343.5/100] 在馆    
唐山师范学院图书馆 欢迎您!
大连网信软件有限公司© 版权所有